| 000 | 00748nam a22002057a 4500 | ||
|---|---|---|---|
| 008 | 130821s1976 xxu gr eng | ||
| 020 | _a0837191009 | ||
| 040 |
_aCo-BoUCM _bspa |
||
| 041 | 0 | 0 | _aeng |
| 110 | 2 |
_aEstados Unidos. _bDepartamento de Estado |
|
| 245 | 1 | 0 |
_aIntervention of international communism in Guatemala _cDepartment of State. |
| 260 |
_aWestport (Connecticut, Estados Unidos) _bGreenwood Press _c1976 |
||
| 300 | _aiii, 96 páginas | ||
| 490 | 0 |
_aInter-American Series _v48. |
|
| 610 | 2 |
_aPartido Guatemalteco del Trabajo _94538 |
|
| 650 | 0 | 4 |
_aComunismo _zGuatemala _911425 |
| 651 | 7 |
_aGuatemala _xPolítica y gobierno _y1945-1985 _926992 |
|
| 942 |
_cLIBRO _a7 _e1 _mE771 _2DEWEY _h335.43 |
||
| 999 |
_c90672 _d90672 |
||